000 00626nam a2200193Ia 4500
999 _c39812
_d39812
001 6417
003 GE_BSU
005 20191114115935.0
008 181216s2010||||ge |||||||||||||| ||geo||
040 _cGE_BSU
041 _ageo
080 _a341.232 ს-15
245 _aსაერთაშორისო ჰუმანიტარული სამართალი.
264 _aთბილისი :
_bბონა კაუზა,
_c2010.
300 _a336 გვ. ;
_b21 სმ.
490 _aიურისტის ბიბლიოთეკა
653 _aსამართალი
942 _cBK
_2udc